[Event "Konnerud NGP B"]
[Site "Konnerud"]
[Date "2018.12.02"]
[Round "5"]
[White "Helliesen, Lykke Merlot"]
[Black "Sateren, Erlend"]
[Result "0-1"]
[WhiteElo "1582"]
[BlackElo "1485"]
[PlyCount "60"]
[EventDate "2018.12.01"]
[EventType "swiss"]
[EventRounds "5"]
[EventCountry "NOR"]
[SourceTitle "EXT 2024"]
[Source "ChessBase"]
[SourceDate "2023.10.10"]
[SourceVersion "1"]
[SourceVersionDate "2023.10.10"]
[SourceQuality "1"]

1. d4 Nf6 2. c4 e6 3. Nc3 d5 4. cxd5 exd5 5. Bg5 c6 6. e3 h6 7. Bh4 Bf5 8. Bd3 Bxd3 9. Qxd3 Nbd7 10. Nf3 Bd6 11. 0-0 0-0 12. Rfe1 Re8 13. Rad1 Qc7 14. Rc1 Re6 15. Rc2 Rae8 16. Kh1 Qb8 17. Rce2 Ne4 18. Nd2 Ndf6 19. Bxf6 Nxf6 20. e4 dxe4 21. Ndxe4 Nxe4 22. Nxe4 Bc7 23. g3 Qd8 24. Re3 Qd5 25. Kg1 Qxa2 26. b3 Qa5 27. Qd1 Qd5 28. Qd3 Bb6 29. R3e2 Qxd4 30. Qf3 Ba5 0-1

[Event "Oslo op"]
[Site "Oslo"]
[Date "2018.10.01"]
[Round "2"]
[White "Sateren, Erlend"]
[Black "Vangen, David Luangtep"]
[Result "0-1"]
[WhiteElo "1453"]
[BlackElo "1767"]
[PlyCount "102"]
[EventDate "2018.09.30"]
[EventType "swiss"]
[EventRounds "10"]
[EventCountry "NOR"]
[SourceTitle "EXT 2020"]
[Source "ChessBase"]
[SourceDate "2019.10.17"]
[SourceVersion "1"]
[SourceVersionDate "2019.10.17"]
[SourceQuality "1"]

1. e4 e5 2. Nf3 Nc6 3. Bc4 Bc5 4. 0-0 d6 5. c3 Bg4 6. d3 Nf6 7. b4 Bb6 8. a4 a6 9. Be3 0-0 10. Nbd2 Ne7 11. Bg5 Ng6 12. h3 Be6 13. Bxe6 fxe6 14. Qb3 Qe8 15. a5 Ba7 16. Be3 Nh5 17. d4 exd4 18. cxd4 Kh8 19. Rac1 c6 20. d5 Bxe3 21. fxe3 exd5 22. exd5 Rc8 23. dxc6 Rxc6 24. Qd3 Ng3 25. Rfe1 Rxc1 26. Rxc1 Nf4 27. exf4 Ne2+ 28. Kh2 Nxc1 29. Qxd6 Ne2 30. g3 Rf6 31. Qd5 Qe7 32. Ne4 Rf8 33. Qc4 Nxf4 34. gxf4 Rxf4 35. Nfd2 Rf8 36. Kg2 Qe8 37. Ng3 Qe3 38. Nde4 Qf3+ 39. Kh2 Qd1 40. Qc3 Qd7 41. h4 Rc8 42. Nc5 Qf7 43. Kg2 Qa2+ 44. Kh3 Qf7 45. Qd3 Rf8 46. Qe4 Rb8 47. Nf5 Re8 48. Nd6 Qf1+ 49. Qg2 Re3+ 50. Kh2 Qf4+ 51. Kg1 Re1+ 0-1

[Event "Oslo op"]
[Site "Oslo"]
[Date "2018.09.30"]
[Round "1"]
[White "Lillevold, Frode"]
[Black "Sateren, Erlend"]
[Result "1-0"]
[WhiteElo "2063"]
[BlackElo "1453"]
[PlyCount "63"]
[EventDate "2018.09.30"]
[EventType "swiss"]
[EventRounds "10"]
[EventCountry "NOR"]
[SourceTitle "EXT 2020"]
[Source "ChessBase"]
[SourceDate "2019.10.17"]
[SourceVersion "1"]
[SourceVersionDate "2019.10.17"]
[SourceQuality "1"]

1. d4 e6 2. c4 Nf6 3. Nc3 d5 4. Nf3 c5 5. cxd5 exd5 6. g3 Nc6 7. Bg2 h6 8. 0-0 Be7 9. Be3 c4 10. Ne5 0-0 11. b3 Bb4 12. Qc2 Qa5 13. Rfc1 Ba3 14. Rd1 Bb4 15. Rac1 Bxc3 16. Qxc3 Qxa2 17. bxc4 Nxe5 18. dxe5 Ne4 19. Qe1 Ng5 20. cxd5 Bd7 21. h4 Nh7 22. Rc7 Bb5 23. Rxb7 a6 24. d6 Rac8 25. d7 Rcd8 26. Bb6 Qe6 27. Bxd8 Rxd8 28. Qa5 Qe7 29. Qc7 Nf8 30. Bh3 Ne6 31. Bxe6 fxe6 32. Rb8 1-0

[Event "Oslo op"]
[Site "Fornebu"]
[Date "2016.09.30"]
[Round "3"]
[White "Sateren, Erlend"]
[Black "Nordquelle, Amelia"]
[Result "1-0"]
[WhiteElo "1461"]
[BlackElo "1085"]
[PlyCount "75"]
[EventDate "2016.09.30"]
[EventType "swiss"]
[EventRounds "9"]
[EventCountry "NOR"]
[SourceTitle "EXT 2018"]
[Source "ChessBase"]
[SourceDate "2017.10.13"]
[SourceVersion "1"]
[SourceVersionDate "2017.10.13"]
[SourceQuality "1"]

1. e4 e5 2. Nf3 d6 3. c3 Nf6 4. d3 g6 5. Bg5 Bg7 6. Nbd2 Be6 7. Be2 0-0 8. 0-0 Re8 9. Re1 Re7 10. d4 Bg4 11. dxe5 dxe5 12. Nc4 Nc6 13. Qb3 Rb8 14. Rad1 Qe8 15. Rd2 Be6 16. Qc2 Bg4 17. Ne3 Bxf3 18. Bxf3 Re6 19. Red1 Rd8 20. Nd5 Rc8 21. Bxf6 Bxf6 22. Bg4 Bg5 23. Bxe6 Qxe6 24. Rd3 Bh6 25. b3 Bg7 26. Qe2 Bh6 27. Qf3 Bg7 28. Ne3 Re8 29. Rd7 Rc8 30. Qg4 Qe8 31. R1d3 Bf6 32. Nd5 Bd8 33. Nb4 Nxb4 34. cxb4 Rb8 35. Qd1 Bf6 36. Rxc7 Qb5 37. a3 Qe8 38. Rcd7 1-0

[Event "Politiken Cup 37th"]
[Site "Helsingor"]
[Date "2015.07.26"]
[Round "3"]
[White "Olesen, Poul Erik Norgaard"]
[Black "Sateren, Erlend"]
[Result "1-0"]
[WhiteElo "1970"]
[BlackElo "1400"]
[PlyCount "51"]
[EventDate "2015.07.25"]
[EventType "swiss"]
[EventRounds "10"]
[EventCountry "DEN"]
[SourceTitle "CBM 167 Extra"]
[Source "ChessBase"]
[SourceDate "2015.09.14"]
[SourceVersion "1"]
[SourceVersionDate "2015.09.14"]
[SourceQuality "1"]

1. e4 c5 2. Nf3 Nc6 3. d4 cxd4 4. Nxd4 d6 5. Nc3 Nf6 6. Be2 g6 7. Be3 a6 8. a4 Bg7 9. Nb3 0-0 10. 0-0 Ne5 11. a5 Ned7 12. f4 Qc7 13. Bf3 Nc5 14. e5 Nfd7 15. Nd5 Qd8 16. Nxc5 dxc5 17. Qd2 e6 18. Nc3 Qc7 19. Rfd1 Rb8 20. Ne4 Rd8 21. b4 b6 22. axb6 Qxb6 23. Bxc5 Qb5 24. Ra5 Qc4 25. Be7 Re8 26. Nd6 1-0